000 00566nam a22001937a 4500
005 20250324093802.0
008 250324b |||||||| |||| 00| 0 eng d
020 _a978-93-5532-955-4
_cRs.1750.00
040 _aLoreto College
041 _aEnglish
082 _a153.94
_bOFF
245 _aThe Official Guide to the TOEFL iBT Test
250 _a7th ed.
260 _aChennai
_bMcGraw Hill Education
_c2024
300 _a657p.
_b27cm.
650 _aCompetitive examination book-TOEFL
850 _aLCLIB
942 _cBK
999 _c43946
_d94425